Counties of England by First Two Letters in 30 Seconds - Statistics

General Stats
  • This quiz has been taken 35 times
  • The average score is 26 of 48
Answers on the Map
Answers color-coded by a green-red scale on the quiz's map according to % correct below.
 
Answer Stats
County % Correct
Norfolk
95%
Northamptonshire
95%
Northumberland
95%
North Yorkshire
95%
Nottinghamshire
95%
Somerset
91%
South Yorkshire
91%
Cornwall
86%
West Midlands
82%
West Sussex
82%
West Yorkshire
82%
Derbyshire
68%
Devon
68%
East Riding of Yorkshire
68%
East Sussex
68%
Greater Manchester
68%
Essex
64%
Greater London
64%
Cumbria
59%
Kent
59%
Lancashire
59%
City of London
50%
Lincolnshire
50%
Dorset
45%
Suffolk
45%
Surrey
45%
Herefordshire
41%
Hertfordshire
41%
Isle of Wight
41%
Leicestershire
41%
Wiltshire
41%
Merseyside
36%
Cheshire
32%
City of Bristol
32%
Durham
32%
Hampshire
32%
Rutland
32%
Staffordshire
32%
Worcestershire
32%
Buckinghamshire
27%
Cambridgeshire
27%
Gloucestershire
27%
Shropshire
27%
Tyne and Wear
27%
Bedfordshire
23%
Berkshire
23%
Warwickshire
23%
Oxfordshire
14%
No matching quizzes found
Score Distribution
Percent of People with Each Score
Percentile by Number Answered
Your Score History
You have not taken this quiz